Auctioneers proposing to sell plant and machinery at public auction in England, Wales & Scotland (Record no. 112125)

MARC details
000 -LEADER
fixed length control field 01245cad a22002535a 4500
001 - CONTROL NUMBER
control field E152573
008 - FIXED-LENGTH DATA ELEMENTS--GENERAL INFORMATION
fixed length control field 110329s2009 xxk f 000 0 eng u
020 ## - INTERNATIONAL STANDARD BOOK NUMBER
International Standard Book Number 9781842194492
035 ## - SYSTEM CONTROL NUMBER
System control number (Sirsi) u152573
041 0# - LANGUAGE CODE
Language code of text/sound track or separate title eng
110 2# - MAIN ENTRY--CORPORATE NAME
Corporate name or jurisdiction name as entry element Royal Institution of Chartered Surveyors
9 (RLIN) 4900
245 00 - TITLE STATEMENT
Title Auctioneers proposing to sell plant and machinery at public auction in England, Wales & Scotland
Remainder of title RICS guidance note
Medium [electronic resource]
250 ## - EDITION STATEMENT
Edition statement 2nd ed.
260 ## - PUBLICATION, DISTRIBUTION, ETC.
Place of publication, distribution, etc. Coventry
Name of publisher, distributor, etc. RICS
Date of publication, distribution, etc. 2009
490 #0 - SERIES STATEMENT
Series statement RICS Guidance Note
520 ## - SUMMARY, ETC.
Summary, etc. This guidance note is designed to assist RICS members intending to conduct public auctions of plant and machinery, whether live on site plus webcast, or online. In addition, it may be of help to members of the public in understanding the processes involved in the preparation for, and conduct of, auctions of plant and machinery.
520 ## - SUMMARY, ETC.
Summary, etc. Supersedes first edition (ISBN 1842190180).
651 #4 - SUBJECT ADDED ENTRY--GEOGRAPHIC NAME
Geographic name England and Wales
Chronological subdivision 1543-
651 #4 - SUBJECT ADDED ENTRY--GEOGRAPHIC NAME
Geographic name Scotland
Chronological subdivision 1999-
690 ## - LOCAL SUBJECT ADDED ENTRY--TOPICAL TERM (OCLC, RLIN)
Topical term or geographic name as entry element Auctioneering
9 (RLIN) 6218
856 40 - ELECTRONIC LOCATION AND ACCESS
Uniform Resource Identifier <a href="https://www.rics.org/Global/Downloads/AuctioneersPlantMachinery_Feb09.pdf">https://www.rics.org/Global/Downloads/AuctioneersPlantMachinery_Feb09.pdf</a>
Public note View the guidance note free of charge (member-only content) at www.rics.org...
942 ## - ADDED ENTRY ELEMENTS (KOHA)
Suppress in OPAC 0
Holdings
Withdrawn status Lost status Source of classification or shelving scheme Damaged status Not for loan Home library Current library Shelving location Date acquired Total Checkouts Full call number Barcode Date last seen Copy number Price effective from Koha item type
    Dewey Decimal Classification     Virtual Virtual Online 29/03/2011   ONLINE PUBLICATION 152573-1001 06/08/2019 1 06/08/2019 Book